000 00691nam a2200289Ia 4500
005 20260324140806.0
008 008 260324s9999 xx 000 0 eng d
020 _a9780429235955
037 _aEBOOK
040 _aCRL
040 _beng
040 _cCRL
041 _2eng
041 _aeng
084 _qCRL
100 _aDale Edwyna Smith
_91205758
245 4 _aThe Slaves of Liberty
245 0 _bFreedom in Amite County, Mississippi, 1820-1868
260 _bTaylor and Francis
260 _c1998
365 _a
365 _b230
856 _uhttp://www.taylorfrancis.com/books/9780429235955
942 _cEBOOK
999 _c1808163
_d1808163